| 000 | 00740nam a22001817a 4500 | ||
|---|---|---|---|
| 999 |
_c12715 _d12715 |
||
| 003 | AR-CdUCM | ||
| 008 | 190410b ||||| |||| 00| 0 spa d | ||
| 040 |
_aMUNICIPALIDAD PROVINCIAL DEL CUSCO _cBIBLIOTECA MUNICIPAL DEL CUSCO |
||
| 082 |
_23ed. _a364.24 / _bJ53 |
||
| 100 |
_aJiménez de Asúa, Luis _99133 |
||
| 245 | _aPsicoanálisis criminal / | ||
| 260 |
_aBuenos aires : _bLosada, S.A., _c1942. |
||
| 300 |
_a299 páginas _c21 cm. |
||
| 505 | _aContenido :Antecedentes de la psicología profunda criminal -- Doctrina criminológica y penal del psicoanálisis -- Interpretación del delito -- Causas del complejo de inferioridad -- Criminalidad accidental ... | ||
| 650 |
_aCriminología _97441 |
||
| 942 |
_2ddc _cLIBROS |
||
| 945 | _arum | ||